000 00326nam a2200133Ia 4500
005 20251222144644.0
008 251222s9999||||xx |||||||||||||| ||spa||
020 _a978-84-9835-214-6
082 _a615.82/E76
100 _aEsclarín de Ruz, Ana
245 0 _aLesión Medular:
264 _bMédica Panamericana
942 _cLIB
999 _c16797
_d16797